Asia by Capitals and Borders in 30 Seconds - Statistics

General Stats
  • This quiz has been taken 4,873 times
    3,890 since last reset
  • The average score is 35 of 48
Answers on the Map
Answers color-coded by a green-red scale on the quiz's map according to % correct below.
 
Answer Stats
Country % Correct
China
98%
Pakistan
98%
Burma
97%
India
97%
Nepal
97%
Bhutan
96%
Tajikistan
95%
Kazakhstan
94%
Kyrgyzstan
94%
Laos
94%
North Korea
93%
Iraq
92%
Vietnam
92%
Iran
91%
Mongolia
90%
Turkey
89%
Saudi Arabia
88%
Armenia
85%
Azerbaijan
85%
Jordan
85%
Oman
84%
Malaysia
83%
Afghanistan
82%
Turkmenistan
82%
United Arab Emirates
82%
Kuwait
81%
Yemen
81%
Indonesia
78%
Qatar
78%
Syria
78%
East Timor
74%
Japan
69%
Thailand
69%
Cambodia
65%
Bangladesh
64%
Uzbekistan
61%
Georgia
60%
South Korea
60%
Israel
57%
Lebanon
53%
Philippines
44%
Brunei
31%
Singapore
28%
Cyprus
24%
Taiwan
24%
Bahrain
19%
Maldives
16%
Sri Lanka
7%
No matching quizzes found
Score Distribution
Percent of People with Each Score
Percentile by Number Answered
Your Score History
You have not taken this quiz since the last reset